Sports in Movies Quiz Stats

 Plays Quiz Updated Mar 16, 2019

Score 0/24 Timer 04:00
0 Plays Today
Question Answer Wrong Answers
MARTIAL ARTS - The Karate Kid The Karate Kid
96%
Enter the Dragon
1.5%
Bloodsport
0.5%
AMERICAN FOOTBALL - Jerry Maguire Jerry Maguire
93.3%
The Waterboy
2.8%
The Longest Yard
1.8%
GOLF - Happy Gilmore Happy Gilmore
92.5%
Caddyshack
3.2%
Tin Cup
2.3%
AUTO RACING - Talladega Nights: The Ballad of Ricky Bobby Talladega Nights: The Ballad of Ricky Bobby
90.8%
Cars
0.6%
Days of Thunder
6.5%
FIGURE SKATING - Blades of Glory Blades of Glory
90.8%
Ice Castles
3.4%
I, Tonya
3.7%
BOXING - Creed Creed
89.2%
Million Dollar Baby
1.1%
Rocky
7.6%
BASKETBALL - Coach Carter Coach Carter
88.9%
Blue Chips
6.9%
Space Jam
2.1%
BASKETBALL - White Men Can't Jump White Men Can't Jump
88.7%
Hoosiers
2%
Semi-Pro
7.4%
BASEBALL - Field of Dreams Field of Dreams
88.4%
Naked Gun
4.9%
42
4.7%
AMERICAN FOOTBALL - Varsity Blues Varsity Blues
87.5%
Forrest Gump
2.5%
All the Right Moves
8%
BASEBALL - A League of Their Own A League of Their Own
86.7%
The Sandlot
4%
Bull Durham
7.4%
WRESTLING - The Wrestler The Wrestler
85.7%
Nacho Libre
6.6%
Ready to Rumble
5.6%
AMERICAN FOOTBALL - Remember the Titans Remember the Titans
84.8%
The Blind Side
4.3%
Friday Night Lights
8.7%
BASEBALL - Major League Major League
83.4%
Eight Men Out
10.3%
Moneyball
4.1%
ICE HOCKEY - Miracle Miracle
82.8%
Indian Horse
9.7%
Tooth Fairy
5.4%
SOCCER - Bend It Like Beckham Bend It Like Beckham
81.1%
Kicking & Screaming
2.9%
She's the Man
14%
BOXING - Cinderella Man Cinderella Man
79.9%
Ali
9.7%
Raging Bull
8.3%
BOWLING - Kingpin Kingpin
77.7%
Uncle Buck
11.1%
The Big Lebowski
9.3%
SKIING - Eddie the Eagle Eddie the Eagle
77.5%
Better Off Dead
11.3%
Taxi 3
9.1%
SURFING - Soul Surfer Soul Surfer
76.7%
Point Break
17.1%
Surf's Up
4.1%
TENNIS - Battle of the Sexes Battle of the Sexes
75.8%
When Billie Beat Bobby
19.8%
Borg vs. McEnroe
2.3%
ICE HOCKEY - Slap Shot Slap Shot
75.5%
The Mighty Ducks
6.8%
Happy Gilmore
15.5%
AMERICAN FOOTBALL - Rudy Rudy
74.7%
Lucas
12.5%
Radio
10.7%
RUNNING - Chariots of Fire Chariots of Fire
72.2%
McFarland, USA
4.5%
Unbroken
21.2%

You're not logged in!

Compare scores with friends on all Sporcle quizzes.
OR
Log In

Sporcle TV

Today on Sporcle TV


Watch our educational content, quiz creation guides, and fun videos on Sporcle TV.

Show Comments

Extras

Top Quizzes Today


Score Distribution

Your Account Isn't Verified!

In order to create a playlist on Sporcle, you need to verify the email address you used during registration. Go to your Sporcle Settings to finish the process.

Report this User

Report this user for behavior that violates our Community Guidelines.

Details: